01439nam a2200361 i 450000100060000000300080000600500170001400600190003100700150005000800410006502000270010604000310013305000220016408000080018608200120019424501720020626400850037830000410046333600310050433700360053533800430057149000470061458801320066165000180079365000270081165000210083865000290085965500270088870000300091583000480094503500220099385600620101595417FlNmELB20241217172507.0m o u cr cn|||||||||190310s2017 sp o 000 0 spa d a9788416599493 (e-book) aFINmELBbspaerdacFINmELB14aQR41.2bE964 2017 a57904a57922300aExperiencia de innovación docente.nvol. 2 :bcolección de revisiones de enfermedades infecciosas emergentes y reemergentes /cJuan Cuadros [y otros 6] directores. 1aAlcalá de Henares :bServicio de Publicaciones Universidad de Alcalá,c2017. a1 recurso en línea (442 páginas) atextobtxt2rdacontent/spa acomputadorabcbc2rdamedia/spa arecurso en líneabcr2rdacarrier/spa1 aTextos universitarios. Ciencias sanitarias aDescripción basada en recurso en línea; título de la página del título en PDF (elibro, visto el 10 de marzo de 2019). 0aMicrobiology. 0aCommunicable diseases. 4aMicrobiología. 4aEnfermedad transmisible. 4aLibros electrónicos.1 aCuadros, Juan,edirector. 0aTextos universitarios. Ciencias sanitarias. a(OCoLC)110586308740uhttps://elibro.net/ereader/politecnicointernacional/44419